| 000 | 00380nam a2200121 4500 | ||
|---|---|---|---|
| 008 | 708 R741l | ||
| 082 |
_a708 _bR741l |
||
| 100 |
_aRoig, Bernardí _96581 |
||
| 245 | _aLuz sobre las espaldas | ||
| 260 |
_aMadrid _bMax estrella _c2000 |
||
| 300 |
_a34 p. _bill (col) _c21.5 x 23 cm |
||
| 650 |
_xarte contemporáneo _xarte - exhibiciones _xEspaña _xarte - religión _xarte - iconografía _96742 |
||
| 999 |
_c1644 _d1644 |
||